[Event "Berlin-ch QT"]
[Site "Berlin"]
[Date "2017.04.15"]
[Round "7"]
[White "Hiller, Bernd"]
[Black "Buttkus, Andree"]
[Result "0-1"]
[WhiteElo "1917"]
[BlackElo "2024"]
[PlyCount "46"]
[EventDate "2017.04.09"]
[EventType "swiss"]
[EventRounds "9"]
[EventCountry "GER"]
[SourceTitle "CBM 189 Extra"]
[Source "ChessBase"]
[SourceDate "2019.05.31"]
[SourceVersion "1"]
[SourceVersionDate "2019.05.31"]
[SourceQuality "1"]

1. e4 c5 2. Nf3 g6 3. d4 cxd4 4. Nxd4 Nc6 5. Be3 Nf6 6. Nc3 Bg7 7. Qd2 0-0 8. 0-0-0 Ng4 9. h3 Nxe3 10. fxe3 Ne5 11. Kb1 d6 12. Be2 a6 13. Rdg1 b5 14. g4 Bb7 15. Bd3 b4 16. Nd1 d5 17. exd5 Bxd5 18. Rh2 Qd6 19. h4 Rfd8 20. h5 Nf3 21. Nxf3 Bxf3 22. hxg6 hxg6 23. Rh4 Bxd1 0-1

[Event "Berlin-ch Seniors op 32nd"]
[Site "Berlin"]
[Date "2016.02.01"]
[Round "6"]
[White "Federer, Hans Joachim"]
[Black "Hiller, Bernd"]
[Result "1/2-1/2"]
[WhiteElo "2111"]
[BlackElo "1867"]
[PlyCount "98"]
[EventDate "2016.01.26"]
[EventType "swiss"]
[EventRounds "9"]
[EventCountry "GER"]
[SourceTitle "EXT 2019"]
[Source "ChessBase"]
[SourceDate "2018.10.10"]
[SourceVersion "1"]
[SourceVersionDate "2018.10.10"]
[SourceQuality "1"]

1. c4 e5 2. Nc3 Nf6 3. g3 Nc6 4. Bg2 Bb4 5. Nf3 a6 6. 0-0 d6 7. d3 h6 8. Bd2 0-0 9. a3 Ba5 10. b4 Bb6 11. Rc1 Bd7 12. e3 Rb8 13. Qb3 Ne7 14. d4 exd4 15. exd4 Ba7 16. Rfe1 Re8 17. h3 Qc8 18. Kh2 Bf5 19. Rcd1 Ng6 20. c5 Rxe1 21. Rxe1 Qf8 22. Ng1 c6 23. Qd1 d5 24. Nge2 Re8 25. Nf4 Rxe1 26. Qxe1 Bb8 27. Nxg6 Bxg6 28. Kg1 Bf5 29. Qe2 Qe8 30. Qxe8+ Nxe8 31. g4 Bc8 32. a4 g5 33. b5 axb5 34. axb5 Nc7 35. b6 Ne6 36. Ne2 f6 37. Be3 Kf7 38. Kf1 Kg6 39. Ke1 Ng7 40. f4 f5 41. Bf3 fxg4 42. hxg4 gxf4 43. Nxf4+ Bxf4 44. Bxf4 Ne6 45. Be3 Ng5 46. Kf2 Nxf3 47. Kxf3 h5 48. gxh5+ Kxh5 49. Kf4 Bh3 1/2-1/2

[Event "Berlin-ch Seniors op 27th"]
[Site "Berlin"]
[Date "2011.02.02"]
[Round "5"]
[White "Hiller, Bernd"]
[Black "Schraepel, Manfred"]
[Result "0-1"]
[WhiteElo "1840"]
[BlackElo "1688"]
[PlyCount "84"]
[EventDate "2011.01.29"]
[EventType "swiss"]
[EventRounds "9"]
[EventCountry "GER"]
[SourceTitle "EXT 2012"]
[Source "ChessBase"]
[SourceDate "2011.11.24"]
[SourceVersion "1"]
[SourceVersionDate "2011.11.24"]
[SourceQuality "1"]

1. e4 c5 2. Nf3 d6 3. d4 cxd4 4. Nxd4 Nf6 5. Nc3 a6 6. Be2 e6 7. Be3 Be7 8. 0-0 0-0 9. Kh1 Qc7 10. f4 Nc6 11. Bf3 Bd7 12. Nde2 Rac8 13. Qe1 b5 14. a3 b4 15. axb4 Nxb4 16. Rc1 a5 17. Qf2 Rb8 18. b3 Bc6 19. g4 Qb7 20. Ng3 Nd7 21. g5 f5 22. Kg1 fxe4 23. Bg4 Bxg5 24. Bxe6+ Kh8 25. f5 Bxe3 26. Qxe3 Nf6 27. Rf4 d5 28. Nce2 Qc7 29. Rh4 Qe7 30. Nf4 Be8 31. c3 Nd3 32. Nxd3 exd3 33. Qxd3 Rxb3 34. Ne2 Qc5+ 35. Nd4 Rb2 36. Kh1 Bf7 37. Qh3 Qb6 38. Bxf7 Rxf7 39. Qf1 Ne4 40. Re1 Qf6 41. Rf4 Qh6 42. Ne2 Ng3+ 0-1

[Event "Berlin-ch Class-A"]
[Site "Berlin"]
[Date "2010.05.13"]
[Round "3"]
[White "Hiller, Bernd"]
[Black "Welz, Peter"]
[Result "0-1"]
[WhiteElo "1848"]
[BlackElo "2151"]
[PlyCount "166"]
[EventDate "2010.05.12"]
[EventType "tourn"]
[EventRounds "7"]
[EventCountry "GER"]
[SourceTitle "EXT 2012"]
[Source "ChessBase"]
[SourceDate "2011.11.24"]
[SourceVersion "1"]
[SourceVersionDate "2011.11.24"]
[SourceQuality "1"]

1. e4 e6 2. d4 d5 3. exd5 exd5 4. Nf3 Bg4 5. Be2 Bd6 6. 0-0 Ne7 7. Ne5 Bxe2 8. Qxe2 Bxe5 9. dxe5 0-0 10. Bg5 h6 11. Bh4 Qd7 12. Bxe7 Qxe7 13. Nd2 Nc6 14. Nf3 Rfe8 15. Rfe1 Rad8 16. Qb5 Nb4 17. Qe2 c5 18. c3 Nc6 19. Qc2 Qe6 20. Rad1 b5 21. h3 a5 22. Qe2 b4 23. Qb5 Rc8 24. Qxc5 Nxe5 25. Qe3 Nxf3+ 26. Qxf3 Qxe1+ 27. Rxe1 Rxe1+ 28. Kh2 bxc3 29. bxc3 Rc5 30. Qf4 Re8 31. Qd6 Rec8 32. f3 a4 33. h4 h5 34. Kh3 g6 35. Qd7 a3 36. Qd6 R8c7 37. Qd8+ Kg7 38. Qd6 Kh7 39. Qd8 Kg7 40. Qd6 Kh7 41. Qd8 Rxc3 42. Qxd5 Ra7 43. Qd4 Rcc7 44. Qe3 Ra5 45. Qb6 Rcc5 46. Qd6 Rf5 47. Qb4 Ra7 48. Qc3 Ra4 49. Qb3 Rff4 50. g3 Rfc4 51. Qb7 Kg7 52. Qd5 Rc8 53. Qb3 Raa8 54. Qd5 Kg8 55. Qb3 Rc1 56. g4 hxg4+ 57. Kxg4 Rg1+ 58. Kf4 Ra5 59. Qb8+ Kg7 60. Ke3 Rf5 61. Kf2 Rh1 62. Qb3 Rxh4 63. Qxa3 Rh3 64. Qc3+ Kh7 65. a4 Rh2+ 66. Kg3 Ra2 67. Qb3 Ra1 68. Qb4 Rg1+ 69. Kf2 Rgg5 70. Qh4+ Rh5 71. Qc4 Rf6 72. Qc3 Rhf5 73. Qd3 Kg7 74. Qc3 g5 75. Kg2 Kg6 76. a5 Ra6 77. Qc8 Raxa5 78. Qg8+ Kf6 79. Qh8+ Ke7 80. Qc8 Rac5 81. Qb7+ Kf6 82. Kg3 Kg7 83. Qb2+ Rf6 0-1

[Event "Berlin-ch Seniors op 26th"]
[Site "Berlin"]
[Date "2010.02.13"]
[Round "5"]
[White "Hiller, Bernd"]
[Black "Pueschel, Werner"]
[Result "1/2-1/2"]
[WhiteElo "1803"]
[BlackElo "2046"]
[PlyCount "142"]
[EventDate "2010.02.09"]
[EventType "swiss"]
[EventRounds "9"]
[EventCountry "GER"]
[SourceTitle "EXT 2012"]
[Source "ChessBase"]
[SourceDate "2011.11.24"]
[SourceVersion "1"]
[SourceVersionDate "2011.11.24"]
[SourceQuality "1"]

1. e4 c5 2. Nf3 e6 3. d4 cxd4 4. Nxd4 a6 5. c4 Nf6 6. Nc3 d6 7. Bd3 Be7 8. 0-0 b6 9. Qe2 Qc7 10. Be3 Nbd7 11. f4 h5 12. Kh1 Bb7 13. Nf3 Nc5 14. Bc2 Ncxe4 15. Nxe4 Nxe4 16. Bxb6 Ng3+ 17. hxg3 Qxb6 18. Ba4+ Kf8 19. Rad1 Rc8 20. b3 Qc5 21. Qf2 d5 22. Qxc5 Rxc5 23. cxd5 Bxd5 24. Rc1 g6 25. Rxc5 Bxc5 26. Ne5 Kg7 27. Bc6 Rd8 28. Bxd5 Rxd5 29. Nc4 Rd3 30. Kh2 Kf6 31. Ne5 Rd2 32. Rc1 Bd6 33. Nc4 Rd3 34. Nxd6 Rxd6 35. Rb1 Rd2 36. a4 Ra2 37. Kh3 Kf5 38. Rc1 f6 39. Rc5+ e5 40. a5 Ra3 41. b4 h4 42. Kxh4 Ra1 43. g4+ Kxf4 44. g3+ Kf3 45. Rc3+ Ke2 46. Kh3 e4 47. Rc6 f5 48. Rxg6 Kf2 49. Kh4 e3 50. gxf5 Rb1 51. Re6 Rxb4+ 52. g4 Kf3 53. Kh5 Re4 54. Rxe4 Kxe4 55. f6 e2 56. f7 e1Q 57. f8Q Qxa5+ 58. g5 Qd5 59. Qe7+ Kd3 60. Kh6 a5 61. g6 a4 62. Qa3+ Kd2 63. Qxa4 Qh1+ 64. Kg7 Qb7+ 65. Kf6 Qb6+ 66. Kg5 Qc5+ 67. Kh6 Qe3+ 68. Kg7 Qc3+ 69. Kf7 Qc7+ 70. Ke6 Qb6+ 71. Kf5 Qc5+ 1/2-1/2